00861nam a2200229Ia 4500003000500000008004100005020001800046040001900064082000700083100001700090100002100107245011500128246011400243260003600357300001000393365000800403546001200411700004800423942001900471999001700490952012400507STCL230726s9999 xx 000 0 und d a9789326191166 aSTCLcSTCLbEN 222 aGoyal, Priya aSahni, Janmenjay 0aIAS mains general studies paper 1: Indian heritage and culture, history and geography of the world and society aIAS mains general studies paper 1: Indian heritage and culture history and geography of the world and society bArihant PublicationsaNew Delhi a804 p b610 aEnglish aSharma, Prajjwal; Ali, Azmat, Sharma, Vivek 2DDCe22cBKDDC c89608d89608 00102DDC4070aSTCALbSTCALcGENd2023-07-26l3m1o001 SAH-Ip98641r2024-07-26 00:00:00s2024-07-09w2023-07-26yBK